Paesi nominati nella pagina Wikipedia dell'Albania - Statistics

Statistiche generali
  • Questo quiz è stato fatto 18 volte
  • Il punteggio medio è 21 su 28
Statistiche sulle risposte
Volte in cui viene nominato Indizio (basato sul motivo per cui lo stato è nominato nella pagina Wikipedia) Paese % Corretto
15 Paese confinante Grecia
100%
27 Invase e occupò l'Albania nel 1939. Ancora oggi esercita una grande influenza sugli albanesi e ne accoglie la più grande comunità di emigrati Italia
100%
8 Paese confinante Kosovo
100%
7 Paese confinante Macedonia del Nord
100%
9 Paese confinante Montenegro
100%
1 In questo paese risiede una storica minoranza albanese Turchia
100%
2 Paese che, durante la seconda guerra mondiale, invase l'Albania dopo la resa italiana Germania
92%
7 Paese che invase i territori albanesi durante le Guerre Balcaniche Serbia
92%
2 Come l'Albania, anche questo paese balcanico fu islamizzato durante la dominazione ottomane Bosnia Erzegovina
85%
1 Principale alleato dell'Albania comunista negli anni '60-'70 Cina
85%
2 In questo paese risiede una storica minoranza albanese Croazia
85%
2 Paese d'origine degli ebrei sefarditi che nel XV sec. trovarono rifugio in Albania Spagna
85%
2 Nel 1914, questo paese fu decisivo per la creazione del principato d'Albania Austria
77%
4 Paese che invase i territori albanesi durante le Guerre Balcaniche Bulgaria
77%
2 Paese che partecipò all'occupazione dell'Albania durante la prima guerra mondiale Francia
77%
3 Paese la cui casa regnante era imparentata con il primo Re d'Albania Romania
77%
2 Paese che fu meta di emigrazione albanese Stati Uniti
77%
1 Come questo, l'Albania è uno degli unici tre paesi europei la cui economia è cresciuta tra 2010 e 2011 Cipro
69%
3 Ai tempi dell'Impero Ottomano, amministratori e militari albanesi ebbero ruoli di prestigio in questo paese Egitto
69%
2 Come questo, l'Albania è uno degli unici tre paesi europei la cui economia è cresciuta tra 2010 e 2011 Polonia
62%
1 Ai tempi dell'Impero Ottomano, amministratori e militari albanesi ebbero ruoli di prestigio in questo paese Algeria
54%
1 Paese da cui provengono molti dei turisti che visitano l'Albania Cechia
54%
2 Ai tempi dell'Impero Ottomano, amministratori e militari albanesi ebbero ruoli di prestigio in questo paese Iraq
54%
1 L'antico territorio dell'Albania caucasica si estendeva su parte di questo stato Armenia
46%
1 L'antico territorio dell'Albania caucasica si estendeva su parte di questo stato Azerbaigian
46%
1 Paese da cui provengono molti dei turisti che visitano l'Albania Norvegia
46%
1 Paese da cui provengono molti dei turisti che visitano l'Albania Paesi Bassi
46%
1 Truppe albanesi hanno partecipato a missioni in questo paese Afghanistan
38%
Nessun quiz corrispondente trovato
Distribuzione punteggi
Percentuale di utenti per punteggio
Percentile per numero di risposta
I tuoi punteggi nel tempo
Non hai fatto questo quiz